000 00383nam a2200157Ia 4500
008 221030s9999 xx 000 0 und d
020 _a9382609766
041 _aEnglish
100 _aD. S. Salaria
245 0 _aDatabase Management Systems
_cby D. S. Salaria
250 _a2nd
260 _bKhanna Pub.
_aNew Delhi
_c2017
300 _a10.7
650 _aComputers
942 _cBK
999 _c17171
_d17171